LEADER 00884cam0-2200325---450- 001 990004200800403321 005 20110228130619.0 010 $a88-420-2943-2 035 $a000420080 035 $aFED01000420080 035 $a(Aleph)000420080FED01 035 $a000420080 100 $a19990604d1987----km-y0itay50------ba 101 0 $aita 102 $aIT 105 $a--------001gy 200 1 $a<>asino$fCarlo De' Dottori$ga cura di Antonio Daniele 210 $aRoma ; Bari$cLaterza$d1987 215 $a516 p.$d23 cm 225 1 $aScrittori d'Italia$v273 676 $a851.5 700 1$aDottori,$bCarlo$f<1618-1686>$0152469 702 1$aDaniele,$bAntonio$f<1946- > 801 0$aIT$bUNINA$gRICA$2UNIMARC 901 $aBK 912 $a990004200800403321 952 $a851.5 DOTT 1$bDip.f.m.2098$fFLFBC 959 $aFLFBC 996 $aAsino$9484447 997 $aUNINA LEADER 01625nas 2200517- 450 001 9910474352903321 005 20230502213018.0 011 $a2666-7207 035 $a(OCoLC)1229746958 035 $a(CKB)4100000011492955 035 $a(CONSER)--2022224305 035 $a(DE-599)ZDB3050597-5 035 $a(EXLCZ)994100000011492955 100 $a20201216a20209999 --- a 101 0 $aeng 135 $aur||||||||||| 181 $ctxt$2rdacontent 182 $cc$2rdamedia 183 $acr$2rdacarrier 200 00$aResults in control and optimization 210 1$a[Amsterdam] :$cElsevier B.V.,$d2020- 215 $a1 online resource $ccolor illustrations 300 $aRefereed/Peer-reviewed 517 3 $aControl and optimization 517 1 $aRICO 606 $aControl theory$vPeriodicals 606 $aMathematical optimization$vPeriodicals 606 $aThéorie de la commande$vPériodiques 606 $aOptimisation mathématique$vPériodiques 606 $aControl theory$2fast$3(OCoLC)fst00877085 606 $aMathematical optimization$2fast$3(OCoLC)fst01012099 608 $aPeriodical 608 $aperiodicals.$2aat 608 $aPeriodicals.$2fast 608 $aPeriodicals.$2lcgft 608 $aPériodiques.$2rvmgf 615 0$aControl theory 615 0$aMathematical optimization 615 6$aThéorie de la commande 615 6$aOptimisation mathématique 615 7$aControl theory. 615 7$aMathematical optimization. 906 $aJOURNAL 912 $a9910474352903321 996 $aResults in Control and Optimization$91892423 997 $aUNINA